Statistics for Top 20 Tennis Grand Slam Active Women's Players in Open Era

Click here to take the quiz!

General Stats

  • This quiz has been taken 55 times
    (15 since last reset)
  • The average score is 15 of 20

Answer Stats

#PlayerCountryPoints% Correct
2Angelique KerberGermany52
100%
4Caroline WozniackiDenmark44
100%
6Garbiñe MuguruzaSpain37
100%
5Iga ŚwiątekPoland38
100%
1Victoria AzarenkaBelarus58
100%
8Aryna SabalenkaBelarus34
92%
12Naomi OsakaJapan26
92%
14Ons JabeurTunisia21
92%
13Coco GauffUnited States23
85%
19Elena RybakinaKazakhstan15
85%
3Petra KvitováCzechia50
77%
10Sloane StephensUnited States30
77%
11Elina SvitolinaUkraine29
69%
18Jeļena OstapenkoLatvia16
69%
20Markéta VondroušováCzechia15
69%
16Elise MertensBelgium17
62%
9Karolína PlíškováCzechia31
62%
7Madison KeysUnited States36
54%
17Kaia KanepiEstonia17
38%
15Anastasia PavlyuchenkovaRussia20
15%

Score Distribution

Percentile by Number Answered

Percent of People with Each Score

Your Score History

You have not taken this quiz since the last reset